Mensaje de S.E. el Presidente de la República don Gabriel González Videla al Congreso Nacional al inaugurar el período ordinario de sesiones 21 de mayo de 1948

Kaydedildi:
Detaylı Bibliyografya
Materyal Türü: Kitap
Dil:İspanyolca
Baskı/Yayın Bilgisi: Santiago Penitenciería de Santiago 1948
Konular:
Etiketler: Etiketle
Etiket eklenmemiş, İlk siz ekleyin!

MARC

LEADER 00000nam a2200000 a 4500
001 UCS3635
003 CL-VaPUC
008 970704e19480000CL |||||||||||||||||spa|d
082 0 4 |a 351.003  |b MEN  |2 21 
245 1 0 |a Mensaje de S.E. el Presidente de la República don Gabriel González Videla al Congreso Nacional al inaugurar el período ordinario de sesiones 21 de mayo de 1948 
300 |a 386 p 
942 |c BK 
945 |d 19970704 00:00:00  |a lriquelm 
260 |a Santiago  |b Penitenciería de Santiago  |c 1948 
600 0 7 |a GONZALEZ VIDELA, GABRIEL  |2 CL-VaPUC  |9 308284 
650 7 |a MENSAJES PRESIDENCIALES  |2 CL-VaPUC  |9 256599 
650 0 |a Presidentes  |9 255176 
650 0 |a Política y gobierno  |9 255151 
651 7 |a CHILE  |2 CL-VaPUC  |9 389824 
583 |a last modification  |c 19970704 00:00:00  |k Rodrigo Vera 
999 |c 261271  |d 261269 
952 |0 0  |1 0  |4 0  |6 351_003000000000000_MEN_1948  |7 0  |8 F  |9 288558  |a BIBDER  |b BIBDER  |d 2019-11-19  |i 1868624  |o 351.003 MEN 1948  |p 1868624  |r 2023-01-25  |w 2019-11-19  |y BK_F  |k DER